000 00842cam a22002537a 4500
020 _a9789251068717
020 _a9251068712
040 _cBTCTA
082 _a338 FOO 2011 A077 Or.
245 0 0 _aSave and grow :
_ba policymaker's guide to sustainable intensification of smallholder crop production /
260 _aRome :
_bFood and Agriculture Organization of the United Nations,
_c2011.
300 _ax, 102 p. :
_bcol. ill. ;
_c26 cm.
650 0 _aAgricultural productivity.
650 0 _aAgriculture and state.
650 0 _aAgricultural systems.
650 0 _aFarms, Small.
650 0 _aSustainable agriculture.
700 1 _aRai, Mangala.
700 1 _aReeves, Timothy G.
700 1 _aPandey, Shivaji.
700 1 _aCollette, Linda.
710 2 _aFood and Agriculture Organization of the United Nations.
942 _cEK
999 _c15509
_d15509